00871nam a2200241Ia 450000100060000000300090000600800410001504000130005604000130006904100130008210000190009510000280011424500350014224500400017725000110021726000110022826000160023926000490025530000590030450002070036365000280057065000310059848108IT-RoPAU130308s9999 xx 000 0 und d aIT-RoPAU cIT-RoPAU aITALIANO aVarese Claudio gCodice Aut. SPICS: 139 aProfilo culturale del Seicento bStoria della Pittura-07-Il Seicento a1a ed. aNOVARA bDe Agostini c1985 [1° Ed.:1985 - Ed.Ling.Originale:1985] a"12 p. (prefazione: no ; testo: 12 [pagine: 293-304])" aContinuità e rinnovamento Filosofia Scienza e Tecnica Confronto tra Società e Religione Nuovo Teatro in Musica e gusto della scenografia molteplici Aspetti della Ricerca Letteraria e Musicale Teatro aENCICLOPEDIE DI PITTURA eCodice materia Spics: 5201